| 000 | 00916nam a22003250a 4500 | ||
|---|---|---|---|
| 001 | PT17398 | ||
| 003 | AR-LpoUNG | ||
| 005 | 20210131232740.0 | ||
| 008 | 191001s2004||||ag |||||||||||||||||spa d | ||
| 020 |
_a9502803191 _c$4.62 |
||
| 040 |
_aAR-LpoUNG _bspa _cAR-LpoUNG _eaacr |
||
| 041 |
_aspa _apor |
||
| 044 | _aag | ||
| 082 | 0 | _aR469 293dic | |
| 245 | 1 | 0 |
_aDiccionario pocket : _bespañol portugués : português espanhol |
| 250 | _a1ra. ed. | ||
| 260 |
_aBuenos Aires : _bGrijalbo, _c2004. |
||
| 300 |
_a434 p. : _bgráfs., il. |
||
| 650 | 4 | _aDICCIONARIOS | |
| 650 | 4 | _aDOCUMENTOS PRIMARIOS | |
| 650 | 4 | _aLENGUA PORTUGUESA | |
| 650 | 4 | _aMATERIAL DE REFERENCIA | |
| 650 | 4 | _aTEMINOLOGIA | |
| 651 | 4 | _aDOCUMENTOS TEORICOS O METODOLOGICOS | |
| 653 | _aDICCIONARIOS BILINGÜES | ||
| 653 | _aDICCIONARIOS DE PORTUGUES | ||
| 710 | 2 | _aHarper Collins Publishers | |
| 905 | _a17398 | ||
| 942 | _cLSALA | ||
| 999 |
_c17279 _d17279 |
||